000 00488nam a2200169Ia 4500
008 151213s9999 xx 000 0 und d
020 _a987-0-521-57419-8
082 _a418.007
_b418.007
100 _aBy-Brain Tomlinson
245 _aMaterial Development in Language Teaching
_cBy-Brain Tomlinson
260 _aU.K
_bCambirdge university press
_c1998
300 _a10715 p.
650 _aEnglish Language
650 _aEnglish Language
700 _aBy-Brain Tomlinson
999 _c4884
_d4884